[Event "BIH-chT 15th"]
[Site "Bihac"]
[Date "2016.07.24"]
[Round "9.5"]
[White "Mikulic, Mladen"]
[Black "Djukic, Boris"]
[Result "1/2-1/2"]
[WhiteElo "1777"]
[BlackElo "2288"]
[PlyCount "44"]
[EventDate "2016.07.16"]
[EventType "team-tourn"]
[EventRounds "9"]
[EventCountry "BIH"]
[SourceTitle "CBM 173 Extra"]
[Source "ChessBase"]
[SourceDate "2016.08.29"]
[SourceVersion "1"]
[SourceVersionDate "2016.08.29"]
[SourceQuality "1"]
[WhiteTeam "Siroki Brijeg"]
[BlackTeam "Srbac"]
[WhiteTeamCountry "BIH"]
[BlackTeamCountry "BIH"]

1. e4 e6 2. d4 d5 3. Nd2 c5 4. c3 Nc6 5. Ngf3 Nf6 6. e5 Ne4 7. Bd3 f5 8. exf6 Nxf6 9. dxc5 Bxc5 10. 0-0 0-0 11. Nb3 Bd6 12. Bg5 e5 13. Bc2 Bc7 14. h3 Qd6 15. Nh2 a5 16. a4 Ne7 17. Bh4 Nf5 18. Bxf5 Bxf5 19. Nd2 Rfe8 20. Bg3 Qc6 21. Nhf3 Re7 22. Re1 Ne4 1/2-1/2